Uttar Pradesh: economic tables (Record no. 483566)

000 -LEADER
fixed length control field 00422cam a22001217a 4500
008 - FIXED-LENGTH DATA ELEMENTS--GENERAL INFORMATION
fixed length control field 180718b1952 xxu||||| |||| 00| 0 eng d
082 ## - DEWEY DECIMAL CLASSIFICATION NUMBER
Classification number A81x54 In2/51/2/2 B
100 ## - MAIN ENTRY--PERSONAL NAME
Personal name Government of India
245 ## - TITLE STATEMENT
Title Uttar Pradesh: economic tables
Statement of responsibility, etc. by Government of India
260 ## - PUBLICATION, DISTRIBUTION, ETC.
Place of publication, distribution, etc. Allahabad
Name of publisher, distributor, etc. Superintendent, Printing and Stationery
Date of publication, distribution, etc. 1952
300 ## - PHYSICAL DESCRIPTION
Extent 701+p.
440 ## - SERIES STATEMENT/ADDED ENTRY--TITLE
Title Census of India 1951. Volume II, Uttar Pradesh. Part II-B
Holdings
Withdrawn status Lost status Damaged status Not for loan Permanent Location Current Location Date acquired Full call number Barcode Date last seen Price effective from Koha item type
        Indian Institute of Public Administration Indian Institute of Public Administration 2018-08-04 A81x54 In2/51/2/2 B GG32508 2018-08-04 2018-08-04 GG

Powered by Koha